000 01086nam a2200229Ia 4500
001 L301-55939
003 IT-CnALBA
008 170116s9999||||xx |||||||||||||| ||und||
040 _aIT-CnALBA
_cIT-CnALBA
041 _aITALIANO
100 _aBUCCIARELLI CLAUDIO
245 0 _aIO TU GLI ALTRI. LA DIFFERENZA: OSTACOLO O VALORE?
250 _a1a ed.
260 _a ROMA
_bFONDAZIONE ITALIANA VOLONTARIATO
_c1997 [1° Ed.:1997 - Ed.Ling.Originale: 1997]
300 _a124 p.
500 _aGIOVENTÙ DOMANDA. DIFFERENZA ED ESPERIENZA DI OGNI GIORNO. DIFFERENZA CONE OSTACOLO. RISPOSTE DELLA SOLIDARIETÀ. LA SCOPERTA DELL'ALTRO. DALLA MULTICULTURA ALL'EDUCAZIONE INTERCULTURALE.
501 _aSocietà San Paolo EM - Piazza San Paolo, 14 - 12051 ALBA (CN) (non commercial uses only) ® Copyright 2017
520 _aGIOVENTÙ DOMANDA. DIFFERENZA ED ESPERIENZA DI OGNI GIORNO. DIFFERENZA CONE OSTACOLO. RISPOSTE DELLA SOLIDARIETÀ. LA SCOPERTA DELL'ALTRO. DALLA MULTICULTURA ALL'EDUCAZIONE INTERCULTURALE.
650 _aSCIENZE SOCIALI
942 _cBK
957 _71
999 _a73439
_bNO
_g Copie: 1
_c314775
_d314775